| Tag |
First Indicator |
Second Indicator |
Subfields |
| LEADER |
00000cam a22000004a 4500 |
| 001 |
in00003389340 |
| 005 |
20190405192145.0 |
| 006 |
m d |
| 007 |
cr |||||||nn|n |
| 008 |
910129s1991 gau o d eng d |
| 010 |
|
|
|z 91007954
|
| 020 |
|
|
|a 9780820340258
|
| 020 |
|
|
|a 0820340251
|
| 020 |
|
|
|z 0820313491 (alk. paper)
|
| 020 |
|
|
|z 0820313440 (pbk. : alk. paper)
|
| 020 |
|
|
|z 9780820313498
|
| 035 |
|
|
|a (MdBmJHUP)muse9780820340258
|
| 040 |
|
|
|a MdBmJHUP
|c MdBmJHUP
|d UtOrBLW
|
| 050 |
0 |
0 |
|a GF80
|b .A88 1991
|
| 082 |
0 |
0 |
|a 179/.1
|2 20
|
| 100 |
1 |
|
|a Attfield, Robin.
|
| 245 |
1 |
4 |
|a The ethics of environmental concern /
|c Robin Attfield.
|
| 250 |
|
|
|a 2nd ed.
|
| 264 |
|
1 |
|a Athens, Ga. :
|b University of Georgia Press,
|c [1991]
|
| 264 |
|
4 |
|c ©1991
|
| 300 |
|
|
|a 1 online resource (xxiii, 249 pages )
|
| 336 |
|
|
|a text
|b txt
|2 rdacontent
|
| 337 |
|
|
|a computer
|b c
|2 rdamedia
|
| 338 |
|
|
|a online resource
|b cr
|2 rdacarrier
|
| 504 |
|
|
|a Includes bibliographical references (pages 215-233) and index.
|
| 588 |
|
|
|a Description based on print version record.
|
| 500 |
|
|
|a Electronic resource.
|
| 650 |
|
0 |
|a Environmental ethics.
|
| 655 |
|
7 |
|a Electronic books.
|2 local
|
| 856 |
4 |
0 |
|u http://proxy.library.tamu.edu/login?url=http://muse.jhu.edu/books/9780820340258/
|z Connect to the full text of this electronic book
|t 0
|
| 999 |
|
|
|a MARS
|
| 999 |
f |
f |
|s e8773f1e-7e9b-31cf-8072-b2311ada2857
|i ac83e7aa-f17e-303b-90b6-80a061f9d880
|t 0
|
| 952 |
f |
f |
|a Texas A&M University
|b College Station
|c Electronic Resources
|d Available Online
|t 0
|e GF80 .A88 1991
|h Library of Congress classification
|
| 998 |
f |
f |
|a GF80 .A88 1991
|t 0
|l Available Online
|